000 00345pam a2200157a 44500
008 230515b1982 xxu||||| |||| 00| 0 eng d
020 _aNULL
041 _aENGLISH
082 _a624.068 COX
100 _aCOX VICTOR L
245 _aINTERNATIONAL CONSTRUCTION
250 _a1
260 _aNULL
_bNA
_c1982
300 _a175
650 _aNULL
999 _c637688
_d637688